Diálogos jurídicos
Saved in:
| Hovedforfatter: | |
|---|---|
| Format: | Bog |
| Sprog: | spansk |
| Udgivet: |
Ciudad de México
Porrúa
1978
|
| Fag: | |
| Tags: |
Tilføj Tag
Ingen Tags, Vær først til at tagge denne postø!
|
MARC
| LEADER | 00000nam a2200000 a 4500 | ||
|---|---|---|---|
| 001 | UCV1773 | ||
| 003 | CL-VaPUC | ||
| 008 | 901220e19780000MX |||||||||||||||||spa|d | ||
| 082 | 0 | 4 | |a 340.1 |b GAR |2 21 |
| 100 | |a García Máynez, Eduardo |e author |9 621951 | ||
| 245 | 1 | 0 | |a Diálogos jurídicos |
| 300 | |a 446 p | ||
| 942 | |c BK | ||
| 945 | |d 19901220 00:00:00 | ||
| 260 | |a Ciudad de México |b Porrúa |c 1978 | ||
| 500 | |a I Sobre moral y derecho | ||
| 500 | |a II Sobre diferencias y relaciones entre derecho y convencionalismos sociales | ||
| 500 | |a III Sobre la noción de orden jurídico | ||
| 500 | |a IV Sobre los conceptos jurídicos fundamentales | ||
| 500 | |a V Sobre los valores jurídicos | ||
| 650 | 0 | |a Derecho y ética |9 255883 | |
| 650 | 0 | |a Filosofía del derecho |9 255050 | |
| 583 | |a last modification |c 19901220 00:00:00 |k Rodrigo Vera | ||
| 999 | |c 209598 |d 209596 | ||
| 952 | |0 0 |1 0 |4 0 |6 340_100000000000000_GAR_1978 |7 0 |8 DER_TF |9 185099 |a BIBDER |b BIBDER |d 2019-11-14 |i 2525135 |o 340.1 GAR 1978 |p 2525135 |r 2023-01-25 |w 2019-11-14 |x Ubicación 4to Piso |y BK |z Estos recursos deben solicitarse con anticipación |k DER | ||